| 000 | 01034cab a2200217 4500 | ||
|---|---|---|---|
| 001 | ABS45967 | ||
| 008 | 090401t xxu||||| |||| 00| 0 eng d | ||
| 035 | _a(Sirsi) u56098 | ||
| 041 | _aeng | ||
| 100 | _aWaterson, G. | ||
| 245 | 4 | _aThe Planning and Compensation Act 1991 | |
| 260 | _c10(1) Winter 1991/92, 54-64(11) | ||
| 350 | _a0 | ||
| 490 |
_aProperty Management _v10(1) Winter 1991/92, 54-64(11) |
||
| 520 | _aA first of a two part article examining the main provisions of the Planning and Compensation Act 1991. Deals with those sections of Part 1 of the Act and associated schedules which relate to development plans and development control, with reference to adoption of structure plans, public participation, district-wide local plans, changes to the status of development plans, demolition, planning appeals and applications, planning agreements and crown land. | ||
| 650 | _aPLANNING AND COMPENSATION ACT 1991 | ||
| 690 | _aPLANNING LAW AND PRACTICE | ||
| 700 | _aWebster, B. | ||
| 942 | _n0 | ||
| 948 | _c04/03/1997 | ||
| 999 |
_c34237 _d34237 |
||